书目信息 |
| 题名: |
三峡库区上游面源污染防控理论与实践
|
|
| 作者: | 张晴雯 , 刘定辉 著 | |
| 分册: | ||
| 出版信息: | 北京 中国水利水电出版社 2018 |
|
| 页数: | 205页 | |
| 开本: | 24cm | |
| 丛书名: | ||
| 单 册: | ||
| 中图分类: | X501 | |
| 科图分类: | ||
| 主题词: | 三峡水利工程--san xia shui li gong cheng--农业污染源--面源污染--污染控制--研究 | |
| 电子资源: | ||
| ISBN: | 978-7-5170-6868-6 | |
| 000 | 01167nam0 2200277 450 | |
| 001 | 012001001079 | |
| 005 | 20140107131148.0 | |
| 010 | @a978-7-5170-6868-6@dCNY68.00 | |
| 092 | @aCN@b20190302K-1188 | |
| 099 | @aCAL 012019061229 | |
| 100 | @a20190509d2018 ekmy0chiy50 ea | |
| 101 | 0 | @achi |
| 102 | @aCN@b110000 | |
| 105 | @aak ao 000yy | |
| 106 | @ar | |
| 200 | 1 | @a三峡库区上游面源污染防控理论与实践@Asan xia ku qu shang you mian yuan wu ran fang kong li lun yu shi jian@f张晴雯, 刘定辉等著 |
| 210 | @a北京@c中国水利水电出版社@d2018 | |
| 215 | @a205页@c图@d24cm | |
| 320 | @a有书目 (第189-205页) | |
| 330 | @a面源污染是影响水源质量的一个重要因素,因其污染的时空范围广、不确定性大、污染严重,对其治理及管理的难度也较大。由于化肥和农药的大量使用,农业非点源已成为中国水环境的主要污染源。文章中对农业面源污染的特点、来源和危害进行了系统论述,并提出防治农业面源污染的具体措施及建议。 | |
| 606 | 0 | @a三峡水利工程@Asan xia shui li gong cheng@x农业污染源@x面源污染@x污染控制@x研究 |
| 690 | @aX501@v5 | |
| 701 | 0 | @a张晴雯@Azhang qing wen@4著 |
| 701 | 0 | @a刘定辉@Aliu ding hui@4著 |
| 801 | 0 | @aCN@b北京卓展文化@c20191020 |
| 905 | @b1201400-3@dX501@e205@f4 | |
| 三峡库区上游面源污染防控理论与实践/张晴雯, 刘定辉等著.-北京:中国水利水电出版社,2018 |
| 205页:图;24cm |
| ISBN 978-7-5170-6868-6:CNY68.00 |
| 面源污染是影响水源质量的一个重要因素,因其污染的时空范围广、不确定性大、污染严重,对其治理及管理的难度也较大。由于化肥和农药的大量使用,农业非点源已成为中国水环境的主要污染源。文章中对农业面源污染的特点、来源和危害进行了系统论述,并提出防治农业面源污染的具体措施及建议。 |
| ● |
| 相关链接 |
|
|
|
|
正题名:三峡库区上游面源污染防控理论与实践
索取号:X501/205
 
预约/预借
| 序号 | 登录号 | 条形码 | 馆藏地/架位号 | 状态 | 备注 |
| 1 | 1201400 | 212014005 | 第二样本阅览室/ [索取号:X501/205] | 在馆 | |
| 2 | 1201401 | 212014014 | 第三借阅区/ [索取号:X501/205] | 在馆 | |
| 3 | 1201402 | 212014023 | 第三借阅区/ [索取号:X501/205] | 在馆 | |
| 4 | 1201403 | 212014032 | 第三借阅区/ [索取号:X501/205] | 在馆 |